000 00710nam a2200193 a 4500
001 BRCA_3021
005 20190320204055.0
008 200109s2000----ag-a---###---#000-0#spa-#
050 4 _aNK7139
_b.T67 2000
100 1 _aTorres della Pina, José
_92867
245 1 0 _aAyacucho filigrana
_bhilos de plata del Perú
_ceditor José Torres Della Pina.
260 _aBuenos Aires, Argentina
_bPatronato Plata del Perú
_c2000
300 _a32 p.
_bil. a color
_c28 cm.
500 _aCatálogo de la exposición realizada en agosto-septiembre, 2000
504 _aBibliografía : p. 30-31
650 1 4 _aTrabajo en plata
_xHistoria
_zAyacucho, Perú
_98315
650 1 4 _aOrfebrería
_xHistoria
_zPerú
_92864
942 _2lcc
_cB
999 _c2758
_d2758